| 000 | 00433nam a2200181Ia 4500 | ||
|---|---|---|---|
| 001 | 24076 | ||
| 005 | 20260414151019.0 | ||
| 008 | 260414t2010||||xx |||||||||||||| ||spa|| | ||
| 041 | _aESP | ||
| 082 |
_a759.85 _bN94 |
||
| 100 |
_aNúñez Ureta, Teodoro, _eAUT |
||
| 245 | 0 |
_aTeodoro Núñez Ureta : _bocetos |
|
| 260 | _c2010 | ||
| 300 |
_a24 páginas : _c32 cm. |
||
| 650 | _aABD | ||
| 654 | _aCAU | ||
| 942 |
_cLIB _dJUS _fJUS _2ddc _n |
||
| 999 |
_c24076 _d24076 |
||